All Cities in South Korea with a Population Over 50,000 - Statistics

General Stats
  • This quiz has been taken 14 times
  • The average score is 47 of 83
Answer Stats
Rank Province Population Answer % Correct
2 _____ 3,349,000 Busan
100%
3 _______ 2,945,000 Incheon
100%
1 _____ 9,586,000 Seoul
100%
4 _____ 2,411,000 Daegu
91%
5 _______ 1,488,000 Daejeon
91%
10 Gyeonggi 1,045,000 Goyang
82%
6 _______ 1,478,000 Gwangju
82%
30 Gyeonggi 385,000 Gwangju
82%
7 Gyeonggi 1,210,000 Suwon
82%
8 _____ 1,135,000 Ulsan
82%
16 Gyeonggi 717,000 Ansan
73%
11 South Gyeongsang 1,029,000 Changwon
73%
14 North Chungcheong 855,000 Cheongju
73%
29 North Gyeongsang 417,000 Gumi
73%
25 ____ 492,000 Jeju
73%
19 North Jeolla 667,000 Jeonju
73%
9 Gyeonggi 1,067,000 Yongin
73%
59 North Gyeongsang 159,000 Andong
64%
22 Gyeonggi 542,000 Anyang
64%
15 Gyeonggi 833,000 Bucheon
64%
18 South Chungcheong 682,000 Cheonan
64%
38 Gangwon 285,000 Chuncheon
64%
51 North Chungcheong 218,000 Chungju
64%
20 South Gyeongsang 552,000 Gimhae
64%
45 North Gyeongsang 262,000 Gyeongju
64%
40 Gyeonggi 280,000 Hanam
64%
13 Gyeonggi 881,000 Hwaseong
64%
49 Gyeonggi 226,000 Icheon
64%
33 South Gyeongsang 352,000 Jinju
64%
17 Gyeonggi 696,000 Namyangju
64%
24 North Gyeongsang 501,000 Pohang
64%
21 Gyeonggi 542,000 Pyeongtaek
64%
12 Gyeonggi 922,000 Seongnam
64%
64 South Gyeongsang 128,000 Tongyeong
64%
32 Gangwon 352,000 Wonju
64%
48 Gyeonggi 233,000 Yangju
64%
43 South Jeolla 272,000 Yeosu
64%
35 South Chungcheong 341,000 Asan
55%
52 Gangwon 217,000 Gangneung
55%
26 Gyeonggi 475,000 Gimpo
55%
41 Gyeonggi 276,000 Gunpo
55%
44 North Jeolla 269,000 Gunsan
55%
39 North Gyeongsang 284,000 Gyeongsan
55%
37 North Jeolla 285,000 Iksan
55%
50 South Jeolla 225,000 Mokpo
55%
67 North Jeolla 113,000 Naju
55%
47 Gyeonggi 241,000 Osan
55%
27 Gyeonggi 461,000 Paju
55%
31 ______ 354,000 Sejong
55%
55 ____ 179,000 Seogwipo
55%
78 Gangwon 80,000 Sokcho
55%
28 Gyeonggi 450,000 Uijeongbu
55%
34 South Gyeongsang 351,000 Yangsan
55%
53 Gyeonggi 203,000 Anseong
45%
74 South Chungcheong 99,000 Boryeong
45%
76 Gyeonggi 95,000 Dongducheon
45%
77 Gangwon 88,000 Donghae
45%
46 South Gyeongsang 247,000 Geoje
45%
62 North Gyeongsang 139,000 Gimcheon
45%
79 North Jeolla 80,000 Gimje
45%
54 Gyeonggi 192,000 Guri
45%
36 Gyeonggi 298,000 Gwangmyeong
45%
60 Gyeonggi 158,000 Pocheon
45%
68 South Gyeongsang 111,000 Sacheon
45%
75 North Gyeongsang 95,000 Sangju
45%
56 South Chungcheong 176,000 Seosan
45%
23 Gyeonggi 535,000 Siheung
45%
42 South Jeolla 272,000 Suncheon
45%
58 Gyeonggi 160,000 Uiwang
45%
69 South Chungcheong 108,000 Gongju
36%
83 Gyeonggi 58,000 Gwacheon
36%
63 North Chungcheong 135,000 Jecheon
36%
72 South Gyeongsang 103,000 Miryang
36%
81 North Gyeongsang 68,000 Mungyeong
36%
65 South Chungcheong 120,000 Nonsan
36%
82 Gangwon 66,000 Samcheok
36%
66 Gyeonggi 113,000 Yeoju
36%
61 South Jeolla 144,000 Gwangyang
27%
80 North Jeolla 78,000 Namwon
27%
73 North Gyeongsang 100,000 Yeongcheon
27%
71 North Gyeongsang 104,000 Yeongju
27%
70 North Gyeongsang 107,000 Jeongeup
18%
57 South Chungcheong 169,000 Gangjin
0%
No matching quizzes found
Score Distribution
Percent of People with Each Score
Percentile by Number Answered
Your Score History
You have not taken this quiz